[Event "Open"]
[Site "Andorra AND"]
[Date "2001.07.04"]
[Round "5"]
[White "Ivanov,J"]
[Black "Mellado Trivino,J"]
[Result "1/2-1/2"]
[WhiteElo "2400"]
[BlackElo "2460"]

1.d4 d5 2.c4 c6 3.e3 Nf6 4.Nc3 e6 5.Nf3 Nbd7 6.Qc2 Bd6 7.Bd3 O-O 8.O-O dxc4
9.Bxc4 b5 10.Be2 a6 11.Rd1 Qe7 12.b3 c5  1/2-1/2

[Event "Open"]
[Site "Batumi GEO"]
[Date "2001.07.04"]
[Round "8"]
[White "Kamadadze,Z"]
[Black "Sulashvili,M"]
[Result "1/2-1/2"]
[WhiteElo "2262"]
[BlackElo "2181"]

1.d4 d5 2.c4 c6 3.Nf3 Nf6 4.Nc3 e6 5.e3 Nbd7 6.Qc2 Bd6 7.Be2 O-O 8.b3 dxc4
9.bxc4 e5 10.O-O Re8 11.Bb2 e4 12.Nd2 Qe7 13.Rae1 Nf8 14.f3 exf3 15.Bxf3 Ng4
16.Bxg4 Bxg4 17.e4 Ne6 18.Nb3 Rad8 19.c5 Bb8 20.Qf2 Nf4 21.Re3 Qg5 22.Rg3 Qh5
23.e5 Nd5 24.Ne4 f5 25.Nd6 Bxd6 26.cxd6 f4 27.Rxg4 Qxg4 28.Qf3 Qf5 29.Nc5 b6
30.Ne4 g5 31.h3 h6 32.Rc1 Rc8 33.Nf2 Qd7 34.Qd3 Re6 35.Ne4 Kg7 36.a4 a5 37.Qb3 Rg6
38.Nc3 g4 39.Nxd5 cxd5 40.Rxc8 Qxc8 41.h4 Qf5 42.Qc3 Kh7 43.Bc1 g3 44.Qf3 Rg4
45.Qe2 Qb1 46.Qd2 Qf5 47.Qe2 Qc8 48.Bd2 Qe6 49.Qd3+ Kh8 50.h5 Qf7 51.Qf3 Qf5
52.Kf1 Qe6 53.Ke2 Kg8 54.Bxf4 Qf5 55.Qxd5+ Kh7 56.Be3 Qc2+ 57.Ke1 Qb1+ 58.Ke2 Qc2+
59.Ke1 Qb1+ 60.Kd2 Qb2+ 61.Kd3 Qb1+ 62.Kc3 Qe1+ 63.Bd2 Qa1+ 64.Kd3 Qb1+ 65.Kc3 Qa1+
66.Kd3 Qb1+ 67.Ke3 Qg1+ 68.Kd3 Qb1+ 69.Ke3 Qg1+  1/2-1/2

[Event "Sub-zt 2.3.2"]
[Site "Managua NCA"]
[Date "2001.07.05"]
[Round "6"]
[White "Reyes Najera,C"]
[Black "Guevara,C"]
[Result "1-0"]
[WhiteElo "2245"]
[BlackElo "2126"]

1.d4 d5 2.c4 c6 3.Nc3 Nf6 4.e3 e6 5.Nf3 Be7 6.Bd3 dxc4 7.Bxc4 b5 8.Bd3 Bb7
9.O-O a6 10.e4 c5 11.e5 Nfd7 12.Qe2 cxd4 13.Nxd4 Nc5 14.Rd1 Qc7 15.Bc2 Nc6
16.Nf3 Nb4 17.Bb1 Nd5 18.Ne4 Nxe4 19.Bxe4 h6 20.Bd2 Rd8 21.Rac1 Qb8 22.Bb1 Qa8
23.Nd4 h5 24.Nb3 Nb6 25.f4 Nc4 26.Bc3 Rxd1+ 27.Rxd1 Bxg2 28.Qxg2 Qxg2+ 29.Kxg2 Ne3+
30.Kf3 Nxd1 31.Bd4 Kd7 32.Bc2 Nxb2 33.Bxb2 Kc7 34.f5 exf5 35.Bxf5 Rd8 36.Bc2 a5
37.Nd4 Kb6 38.Bb3 Bc5 39.Ke4 Rd7 40.Bd5 a4 41.Nf5 Bf8 42.Bd4+ Kc7 43.Be3 b4
44.Bf4 Kd8 45.Bg5+ Kc7 46.Bf4 Kd8 47.Nd6 f6 48.Nf7+ Ke7 49.e6 Rxd5 50.Kxd5 b3
51.axb3 axb3 52.Bc1 g5 53.Bb2 g4 54.Nd6 Kd8 55.Nf5 Ke8 56.Bxf6 Be7  1-0

[Event "Milan Vidmar Mem"]
[Site "Portoroz SLO"]
[Date "2001.07.05"]
[Round "3"]
[White "Beliavsky,A"]
[Black "Pavasovic,D"]
[Result "1/2-1/2"]
[WhiteElo "2659"]
[BlackElo "2539"]

1.d4 d5 2.c4 e6 3.Nc3 c6 4.e3 Nf6 5.Nf3 Nbd7 6.Bd3 dxc4 7.Bxc4 b5 8.Bd3 Bb7
9.O-O b4 10.Ne4 Be7 11.Nxf6+ Nxf6 12.e4 O-O 13.e5 Nd7 14.Qc2 h6 15.Bh7+ Kh8
16.Be4 Qb6 17.Be3 c5 18.dxc5 Nxc5 19.Bxc5 Bxe4 20.Qxe4 Bxc5 21.Rac1 Rad8
22.Rc4 Rd5 23.g4 Be7 24.b3 Rfd8 25.Rfc1 g6 26.Kg2 Kg7 27.h4 R8d7 28.h5 g5
29.Rc6 Qb7 30.Rxe6 fxe6 31.Qg6+ Kf8 32.Qxh6+ Ke8 33.Qxe6 Rd3 34.Qg6+ Kf8
35.Qf5+ Kg7 36.Qg6+ Kf8 37.Qh6+ Ke8 38.Qg6+ Kf8 39.Qf5+ Kg7  1/2-1/2

[Event "Open"]
[Site "Andorra AND"]
[Date "2001.07.06"]
[Round "7"]
[White "Borges Mateos,J"]
[Black "Gonzalez de la Torre,S"]
[Result "1-0"]
[WhiteElo "2436"]
[BlackElo "2277"]

1.Nf3 d5 2.d4 Nf6 3.c4 c6 4.Nc3 e6 5.e3 Nbd7 6.Qc2 Bd6 7.b3 O-O 8.Be2 dxc4
9.bxc4 e5 10.O-O Re8 11.Bb2 Qe7 12.Rfe1 e4 13.Nd2 Nf8 14.f3 exf3 15.Bxf3 Ng4
16.Nf1 Qh4 17.g3 Qg5 18.Qd3 f5 19.Rad1 Nf6 20.Bg2 h5 21.Nd2 Qg6 22.Nf3 Ne4
23.c5 Bc7 24.Ne5 Bxe5 25.Nxe4 Bc7 26.Qb3+ Kh7 27.Nd6 Bxd6 28.cxd6 Qxd6 29.e4 Qg6
30.Qc2 h4 31.d5 h3 32.Bf3 f4 33.Qf2 fxg3 34.Qxg3 Qxg3+ 35.hxg3 g5 36.g4 Ng6
37.Kh2 Nh4 38.Be2 Kh6 39.Rf1 Rxe4 40.Rf6+ Ng6 41.Bd3 Rxg4 42.Rd2 cxd5 43.Rxg6+ Kh5
44.Rg8 Rg2+ 45.Rxg2 hxg2 46.Bf5 Bxf5 47.Rxa8 d4 48.Bxd4 Be4 49.Rxa7 Kg6 50.Be3  1-0

[Event "29th World Open"]
[Site "Philadelphia USA"]
[Date "2001.07.06"]
[Round "5"]
[White "Carrion,M"]
[Black "Knecht,M"]
[Result "1-0"]
[WhiteElo "2227"]
[BlackElo "2162"]

1.Nf3 d5 2.c4 c6 3.e3 Nf6 4.Nc3 e6 5.d4 Nbd7 6.a3 Bd6 7.Bd3 O-O 8.e4 dxc4
9.Bxc4 e5 10.O-O Qe7 11.Bg5 Rd8 12.d5 Nb6 13.Qb3 Bg4 14.dxc6 bxc6 15.Be2 Be6
16.Qc2 Rab8 17.Nd2 h6 18.Be3 Ng4 19.Bxg4 Bxg4 20.b4 Rbc8 21.Na4 Nxa4 22.Qxa4 c5
23.b5 Rb8 24.Nc4 Bd7 25.Rab1 Be8 26.Qa5 Bc7 27.Qxa7 Rxb5 28.a4 Rxb1 29.Rxb1 Bd6
30.Qxe7 Bxe7 31.a5 f6 32.f3 Ra8 33.Rb7 Bd8 34.Bd2 Bc6 35.Rb2 Kf7 36.Kf2 Ke6
37.Bc3 Bc7 38.Ke3 Ra7 39.g4 g5 40.Bd2 Ra8 41.Bc3 Ra7 42.Kd3 Ra8 43.Nb6 Ra6
44.Kc4 Bd6 45.Nd5 Ra7 46.Rb6 Bxd5+ 47.exd5+ Kd7 48.a6 Kc7 49.Ba5 Kd7 50.Rb7+ Rxb7
51.axb7 e4 52.fxe4 Bxh2 53.Kxc5 Bb8 54.Bc3 Ke7 55.Kc6 Bg3 56.Bb4+ Kd8 57.d6  1-0

[Event "Open"]
[Site "Andorra AND"]
[Date "2001.07.07"]
[Round "8"]
[White "Cheparinov,I"]
[Black "Wehmeier,S"]
[Result "1/2-1/2"]
[WhiteElo "2444"]
[BlackElo "2379"]

1.d4 d5 2.c4 c6 3.Nf3 e6 4.Nc3 Nf6 5.e3 Nbd7 6.Qc2 Be7 7.b3 b6 8.Bb2 Bb7
9.Be2 O-O 10.O-O Qc7 11.Rfd1 Rac8 12.Rac1 Rfd8 13.e4 dxe4 14.Nxe4 c5 15.Bd3 Qf4
16.Re1 cxd4 17.Bxd4 Nc5 18.Bxc5 Bxe4 19.Rxe4 Nxe4 20.Be3 Qd6 21.Bxe4 f5 22.Bb7 Rb8
23.Ba6 Qa3 24.Bb5 a6 25.Bc6 Qd6 26.Nd4 Rdc8 27.Nxf5 exf5 28.Bd5+ Kh8 29.Qxf5 Rf8
30.Qh5 Qf6 31.Rd1 g6 32.Qg4 Bc5 33.Bd4 Bxd4 34.Qxd4 Qxd4 35.Rxd4 Rbe8 36.Kf1 Re3
37.f3 Rc3 38.Be4 Rc1+ 39.Kf2 b5 40.cxb5 axb5 41.a4 bxa4 42.bxa4 Rfc8 43.Bd3 Ra1
44.g4 Rc7 45.h4 Kg7 46.g5 Ra3 47.Kg3 Ra7 48.Bb5 Rc3 49.Rd6 Rc1 50.Bc6 Rg1+
51.Kf2 Rc1 52.Bd5 Kf8 53.Rf6+ Kg7 54.Rb6 Kf8 55.Bc6 Kg7  1/2-1/2

[Event "Open"]
[Site "Andorra AND"]
[Date "2001.07.07"]
[Round "8"]
[White "Pogorelov,R"]
[Black "Borges Mateos,J"]
[Result "1/2-1/2"]
[WhiteElo "2399"]
[BlackElo "2436"]

1.Nf3 d5 2.d4 Nf6 3.c4 c6 4.Nc3 e6 5.e3 Nbd7 6.Qc2 Bd6 7.Bd3 dxc4 8.Bxc4 e5
9.O-O O-O 10.Bb3 Qe7 11.Re1 Bc7 12.h3 Qd6 13.dxe5 Nxe5 14.Nxe5 Qxe5 15.f4 Qc5
16.Nd5 Qd6 17.Nxc7 Qxc7 18.e4 Be6 19.e5 Bxb3 20.axb3 Nd5 21.Ra4 Rfe8 22.Rae4 Rad8
23.f5 Qb6+ 24.Kh1 Nb4 25.Qc4 Nd3 26.e6 f6 27.Be3 Qa5 28.Rf1 Rd5 29.Rd4 Ne5
30.Rxd5 cxd5 31.Qc3 Qb5 32.Rd1 Nc6 33.Qc5 Qxc5 34.Bxc5 d4 35.b4 a6 36.Bb6 g6
37.g4 Ne7 38.Rxd4 gxf5 39.gxf5 Nxf5 40.Rd7 Rxe6 41.Rxb7 Re2 42.Bc5 Rxb2 43.Rb6 Ng3+
44.Kg1 Ne4 45.Rxa6  1/2-1/2

[Event "FSIMA July"]
[Site "Budapest HUN"]
[Date "2001.07.07"]
[Round "6"]
[White "Seres,L"]
[Black "Sinn,M"]
[Result "1/2-1/2"]
[WhiteElo "2427"]
[BlackElo "2140"]

1.d4 d5 2.c4 c6 3.Nc3 Nf6 4.e3 e6 5.Nf3 Nbd7 6.Bd3 dxc4 7.Bxc4 b5 8.Bd3 a6
9.e4 c5 10.d5 c4 11.Bc2 Qc7 12.dxe6 fxe6 13.O-O Bc5 14.Bg5 O-O 15.Bh4 Bb7
16.Bg3 Qb6 17.e5 Nh5 18.Ne4 Nxg3 19.hxg3 Rad8 20.Qe2 Be7 21.b3 Bd5 22.Rfd1 Nc5
23.Qe3 Qc6  1/2-1/2

[Event "10th AKN Weekender"]
[Site "Haarlem NED"]
[Date "2001.07.07"]
[Round "4"]
[White "Oosterom,E"]
[Black "De Vreugt,D"]
[Result "0-1"]
[WhiteElo "2205"]
[BlackElo "2429"]

1.d4 Nf6 2.c4 c6 3.Nc3 d5 4.e3 e6 5.Nf3 Nbd7 6.Bd3 dxc4 7.Bxc4 b5 8.Bd3 Bb7
9.O-O a6 10.e4 c5 11.d5 e5 12.b3 Rc8 13.Rb1 Qc7 14.Bd2 Nb6 15.Re1 Be7 16.Bf1 b4
17.Na4 Nxa4 18.bxa4 Nd7 19.Rc1 Qa5 20.d6 Bxd6 21.Bxb4 Qc7 22.Ba5 Qxa5 23.Qxd6 Rc6
24.Qd1 Qc7 25.Qd2 O-O 26.Qc3 Re6 27.Bc4 Re7 28.Bb3 g6 29.Nd2 Kg7 30.Nc4 Rb8
31.Rcd1 Bc6 32.Qa5 Qb7 33.Nd6 Qb6 34.Qxb6 Nxb6 35.a5 Nc8 36.Nc4 Re8 37.f3 Kf8
38.Rd2 f6 39.Kf2 Ke7 40.Red1 Rb4 41.Rc1 Rd8 42.Rxd8 Kxd8 43.Ke3 Kc7 44.h4 Nd6
45.Nxd6 Kxd6 46.Bg8 h6 47.Bf7 g5 48.hxg5 hxg5 49.Bc4 Bb5 50.Rd1+ Ke7 51.Bd5 c4
52.Rh1 Ra4 53.Rh7+ Kd6 54.Rf7 Rxa2 55.Rxf6+ Kc5 56.Rf5 Ra3+ 57.Kd2 Kd4 58.Bf7 c3+
59.Kc2 Bd3+  0-1

[Event "Aegean Open"]
[Site "Ikaros GRE"]
[Date "2001.07.07"]
[Round "1"]
[White "Korres,E"]
[Black "Nep,R"]
[Result "0-1"]
[WhiteElo "2074"]
[BlackElo "2424"]

1.c4 c6 2.Nc3 d5 3.d4 Nf6 4.Nf3 e6 5.e3 Nbd7 6.Qc2 Bd6 7.b3 O-O 8.Bb2 Qe7
9.Be2 Re8 10.O-O b6 11.Rac1 Bb7 12.e4 Nxe4 13.Nxe4 dxe4 14.Qxe4 f5 15.Qe3 c5
16.Rcd1 Rad8 17.Ne5 cxd4 18.Bxd4 Qh4 19.f4 Nf6 20.Bf3 Ne4 21.Bxe4 Bxe4 22.Qf2 Qxf2+
23.Kxf2 Ba3 24.Be3 Bc2 25.Rxd8 Rxd8 26.Nc6 Rd7 27.Nd4 Be4 28.Nxe6 h6 29.g3 Bb2
30.c5 Kf7 31.Nxg7 Kxg7 32.cxb6 axb6 33.Re1 b5 34.Re2 Bc3 35.Bc5 Rd5 36.b4 Rd1
37.g4 Rh1 38.gxf5 Rxh2+ 39.Ke3 Rxe2+ 40.Kxe2 Kf6 41.a3 Kxf5 42.Ke3 Bb2  0-1

[Event "Open"]
[Site "Karvina CZE"]
[Date "2001.07.08"]
[Round "9"]
[White "Shtyrenkov,V"]
[Black "Haba,P"]
[Result "1/2-1/2"]
[WhiteElo "2500"]
[BlackElo "2461"]

1.d4 d5 2.c4 e6 3.Nf3 c6 4.e3 Nf6 5.Nc3 Nbd7 6.Qc2 Bd6 7.Bd3 O-O 8.O-O dxc4
9.Bxc4 b5 10.Be2 Bb7 11.Rd1 Qb8 12.a3 Rc8 13.b4 a5 14.Rb1 axb4 15.axb4 Nd5
16.Nxd5 exd5 17.Bd2 Re8 18.h3 Nb6 19.Bc3 Nc4 20.Ra1 Qc7 21.Bd3 g6 22.Re1 Qe7
23.Rxa8 Rxa8 24.e4 Qf8 25.Bxc4 bxc4 26.Qd2 Ra3 27.Ne5 Rxc3 28.Qxc3 Bxb4 29.Qb2 Bxe1
30.Qxb7 c3 31.Qxc6 dxe4 32.Qxe4 Bd2 33.Qc6 Qe7 34.Kf1 Kg7 35.Ke2 Qa7 36.Qc4 Qb7
37.Qc6 Qb1 38.Nd3 Qc2 39.Nb4 Qb1 40.Nd3 Qc2 41.Nb4 Qb2 42.Nd3 Qa2 43.Nb4 Qa1
44.Nc2 Qa2 45.Qe4 Qc4+ 46.Kf3 Qf1 47.Qe5+ Kh6 48.Ne3 Qd3 49.g4 c2 50.Qf4+ Kg7
51.Qe5+ Kg8 52.Qe8+ Kg7 53.Qe5+  1/2-1/2

[Event "ch-NOR"]
[Site "Kristiansund NOR"]
[Date "2001.07.08"]
[Round "2"]
[White "Ostenstad,B"]
[Black "Christenson,F"]
[Result "1-0"]
[WhiteElo "2439"]
[BlackElo "2218"]

1.d4 e6 2.c4 d5 3.Nc3 c6 4.e3 Nf6 5.Nf3 Nbd7 6.Qc2 Bd6 7.Be2 O-O 8.O-O dxc4
9.Bxc4 a6 10.a4 c5 11.Ba2 Qc7 12.Bd2 cxd4 13.exd4 b6 14.Rac1 Bb7 15.Qd3 Qb8
16.Rfe1 Rd8 17.Qe2 Bxf3 18.Qxf3 Bxh2+ 19.Kh1 Bd6 20.Ne2 Ra7 21.Nf4 Nf8 22.d5 e5
23.Nh5 Nxh5 24.Qxh5 Ng6 25.Bg5 Re8 26.Rc6 Bc5 27.Rc1 a5 28.Rc3 Nf4 29.Qg4 Rc7
30.Rf3 Rxc6 31.dxc6 Qd6 32.Qd7 Rf8 33.g3 h6 34.gxf4 hxg5 35.fxg5 Qg6 36.Bxf7+ Rxf7
37.Qxf7+ Qxf7 38.Rxf7  1-0

[Event "ch-NOR"]
[Site "Kristiansund NOR"]
[Date "2001.07.08"]
[Round "2"]
[White "Gausel,E"]
[Black "Johannessen,LE"]
[Result "1-0"]
[WhiteElo "2520"]
[BlackElo "2426"]

1.c4 e6 2.Nc3 d5 3.d4 c6 4.e3 Nf6 5.Nf3 Nbd7 6.Qc2 Bd6 7.Bd3 O-O 8.O-O dxc4
9.Bxc4 a6 10.Rd1 b5 11.Be2 Qc7 12.Ne4 Nxe4 13.Qxe4 Be7 14.Bd2 Bb7 15.Rac1 c5
16.Qc2 Qb6 17.dxc5 Nxc5 18.Bc3 Be4 19.Qd2 Qb7 20.Qd4 f6 21.Ba5 Rac8 22.h3 Bd5
23.Bb4 Qb6 24.Qc3 Nb3 25.Qxc8 Nxc1 26.Qxc1 Bxb4 27.Qc2 Qb7 28.Rc1 Bd6 29.Ne1 Rf7
30.Qb1 Rc7 31.Rxc7 Qxc7 32.Bf3 Qc5 33.b3 f5 34.Qd1 Bxf3 35.Nxf3 h6 36.g4 Kf7
37.gxf5 exf5 38.Nd4 f4 39.Qf3 Kg8 40.Qa8+ Kh7 41.Qe4+ Kh8 42.exf4 Qc1+ 43.Kg2 Qxf4
44.Qxf4 Bxf4 45.Kf3 Bc7 46.Ke4 Bb6 47.f4 Kh7 48.Ne6 Kg6 49.Ke5 Kf7 50.f5 g6
51.h4 Ba5 52.fxg6+ Kxg6 53.Nf4+ Kf7 54.Kf5 Bc7 55.Nd5 Bd6 56.h5 b4 57.Nf6 a5
58.Ng4 Kg7 59.Ke6 Bf4 60.Nf6 Be3 61.Ne8+ Kg8 62.Nd6 Bb6 63.Kf6 Kh7 64.Kf7 Bd8
65.Ne4  1-0

[Event "29th World Open"]
[Site "Philadelphia USA"]
[Date "2001.07.08"]
[Round "8"]
[White "Bengtson,M"]
[Black "Rubenchik,R"]
[Result "1/2-1/2"]
[WhiteElo "2312"]
[BlackElo "2316"]

1.d4 d5 2.c4 c6 3.Nc3 Nf6 4.e3 e6 5.Nf3 Nbd7 6.Bd3 dxc4 7.Bxc4 b5 8.Be2 a6
9.e4 b4 10.e5 bxc3 11.exf6 Nxf6 12.bxc3 Bd6 13.c4 O-O 14.c5 Bc7 15.O-O Nd5
16.Bd3 a5 17.Re1 Ba6 18.Bb1 g6 19.Bh6 Re8 20.Qc1 f6 21.h4 Qd7 22.a4 Kh8 23.Ra3 Ne7
24.Bd2 Nd5 25.Re4 Qf7 26.Nh2 Bc8 27.Ng4 e5 28.Nh6 Qg7 29.dxe5 Rxe5 30.h5 g5
31.Rxe5 Bxe5 32.Nf5 Bxf5 33.Bxf5 Qe7 34.Rd3 Bc7 35.g3 Rd8 36.Qe1 Qxe1+ 37.Bxe1 Kg7
38.Kf1 Ne7 39.Rxd8 Bxd8 40.Bd7 h6 41.Ke2 Kf7 42.Kd3 Bc7 43.Ke4 Kf8 44.g4 Kf7
45.f3 Kf8 46.Be6 Kg7 47.Bc3 Bd8 48.f4 gxf4 49.Kxf4 Bc7+ 50.Ke4 Bd8 51.Be1 Bc7
52.Bd2 Kh7 53.Bc3 Kg7 54.g5 hxg5 55.h6+ Kxh6 56.Bxf6 Bd8 57.Bf7 g4 58.Be8 g3
59.Kf3 Kh7 60.Bh4 Kg7 61.Bxg3 Kf6 62.Bd7 Nf5 63.Bb8 Nd4+ 64.Ke4 Nb3 65.Ba7 Be7
66.Bxc6  1/2-1/2

[Event "29th World Open"]
[Site "Philadelphia USA"]
[Date "2001.07.08"]
[Round "9"]
[White "Siegel,N"]
[Black "Simutowe,A"]
[Result "1-0"]
[WhiteElo "2234"]
[BlackElo "2470"]

1.d4 d5 2.c4 e6 3.Nc3 Nf6 4.Nf3 c6 5.e3 Nbd7 6.Qc2 Bd6 7.Bd3 O-O 8.O-O h6
9.Rd1 b6 10.cxd5 cxd5 11.Nb5 Bb8 12.Qc6 Ba6 13.Bd2 Qc8 14.Qxc8 Bxc8 15.Bb4 Rd8
16.Rac1 Bb7 17.Be7 Re8 18.Bd6 Rd8 19.Be7 Re8 20.Bxf6 Nxf6 21.Nc7 Bxc7 22.Rxc7 Rab8
23.Ne5 Rf8 24.f3 Ne8 25.Re7 Nd6 26.Rc1 a6 27.Rcc7 Ba8 28.Bg6 Rb7 29.Rxb7 Bxb7
30.Bxf7+ Nxf7 31.Rxb7 Nxe5 32.dxe5 b5 33.Rc7 Rd8 34.Rc6 Kf7 35.Kf2 Ra8 36.Ke2 b4
37.g4 a5 38.h4 a4 39.h5 a3 40.b3 Ra7 41.Kd3 Rb7 42.f4 Re7 43.Kd4 Rb7 44.f5 Re7  1-0

[Event "PanAm Junior"]
[Site "Yucay PER"]
[Date "2001.07.08"]
[Round "1"]
[White "Alvarez,Joh"]
[Black "Aucay Pelaez,M"]
[Result "1/2-1/2"]
[WhiteElo "2382"]
[BlackElo "2164"]

1.d4 d5 2.c4 c6 3.Nf3 Nf6 4.Nc3 e6 5.e3 Nbd7 6.Qc2 Bd6 7.Be2 O-O 8.O-O Qe7
9.h3 a6 10.Rd1 dxc4 11.Bxc4 c5 12.a4 b6 13.Qe2 Bb7 14.Bd2 e5 15.Be1 exd4
16.exd4 Qxe2 17.Bxe2 Rfe8 18.d5 Rad8 19.Bc4 Ne5 20.Nxe5 Bxe5 21.Rd3 Bd4 22.Rad1 Nxd5
23.Nxd5 Bxd5  1/2-1/2

[Event "Canadian Open"]
[Site "Sackville CAN"]
[Date "2001.07.10"]
[Round "5"]
[White "Mazock,M"]
[Black "O'Donnell,T"]
[Result "0-1"]
[WhiteElo "2171"]
[BlackElo "2357"]

1.d4 d5 2.c4 e6 3.Nc3 c6 4.e3 Nf6 5.Nf3 Nbd7 6.Qc2 Bd6 7.b3 O-O 8.Be2 e5
9.cxd5 cxd5 10.Nb5 Bb8 11.dxe5 Nxe5 12.Nxe5 Bxe5 13.Bb2 Bf5 14.Qxf5 Qa5+
15.Kf1 Bxb2 16.Rd1 Qxa2 17.g4 Qxb3 18.Qb1 Rfc8 19.Kg2 Qc2 20.Bd3 Qxb1 21.Rxb1 Be5
22.f4 Bb8 23.g5 Ne4 24.Rhc1 Re8 25.Bxe4 dxe4 26.Rb4 a6 27.Nd4 b5 28.Nf5 Kf8
29.Rd4 Ra7 30.Kf2 a5 31.Ng3 Rc7 32.Rxc7 Bxc7 33.Ke2 a4 34.Kd2 Rd8 35.Rxd8+ Bxd8
36.Nxe4 Ba5+ 37.Kd3 Ke7 38.f5 g6 39.f6+ Ke6 40.Nc5+ Kf5 41.h4 Kg4 42.e4 Kxh4
43.e5 Kg4 44.Kd4 Bb6 45.Kd5 Bxc5 46.Kxc5 a3  0-1

[Event "Trofeo Intel Pentium"]
[Site "Milan ITA"]
[Date "2001.07.11"]
[Round "2"]
[White "Laketic,G"]
[Black "Borgo,G"]
[Result "1/2-1/2"]
[WhiteElo "2444"]
[BlackElo "2428"]

1.d4 d5 2.c4 e6 3.Nf3 Nf6 4.Nc3 c6 5.e3 Nbd7 6.Qc2 Bd6 7.e4 Nxe4 8.Nxe4 dxe4
9.Qxe4 Bb4+ 10.Bd2 Bxd2+ 11.Nxd2 Qa5 12.Bd3 c5 13.a3  1/2-1/2

[Event "2nd IM"]
[Site "Saint Lo FRA"]
[Date "2001.07.11"]
[Round "5"]
[White "Coursaget,N"]
[Black "Vavra,P1"]
[Result "1-0"]
[WhiteElo "2236"]
[BlackElo "2463"]

1.d4 d5 2.c4 c6 3.Nc3 Nf6 4.Nf3 e6 5.e3 Nbd7 6.Qc2 Bd6 7.g4 dxc4 8.Bxc4 b5
9.Bd3 h6 10.Rg1 Bb7 11.g5 hxg5 12.Nxg5 Bxh2 13.Rg2 Nf8 14.Bd2 Bd6 15.O-O-O a6
16.Nce4 Nxe4 17.Nxe4 g6 18.Ba5 Qe7 19.Qc3 Nd7 20.Kb1 Qf8 21.Nxd6+ Qxd6 22.Bb4 Qd5
23.e4 Qh5 24.Rdg1 O-O-O 25.Be7 Rde8 26.Bd6 Nb6 27.Qa5 Na8 28.Be5 Qf3 29.Rg3 Qxf2
30.Rf1 Qh2 31.Rxf7 Rh7 32.Rgf3 Qh4 33.a4 Rxf7 34.Rxf7 Qd8 35.Qb4 a5 36.Qc5 Nb6
37.Rc7+ Qxc7 38.Bxc7 Kxc7 39.axb5 Nd7 40.Qg5 cxb5 41.Qxb5 Ra8 42.Qg5 e5 43.d5 Ba6
44.Bc2 Bb5 45.Qxg6 Rf8 46.Qg3 Rf4 47.Qb3 Rf1+ 48.Ka2 Rf2 49.Bd1 Ba6 50.Qc3+ Kd8
51.Qxa5+  1-0

[Event "PanAm Junior"]
[Site "Yucay PER"]
[Date "2001.07.11"]
[Round "5"]
[White "Pacheco,M"]
[Black "Aucay Pelaez,M"]
[Result "1-0"]
[WhiteElo "2201"]
[BlackElo "2164"]

1.Nf3 Nf6 2.c4 e6 3.Nc3 d5 4.d4 c6 5.e3 Nbd7 6.Qc2 Bd6 7.e4 dxe4 8.Nxe4 Nxe4
9.Qxe4 e5 10.dxe5 Nxe5 11.c5 f5 12.Qe3 Qa5+ 13.Bd2 Qxc5 14.Bc3 Qxe3+ 15.fxe3 Nxf3+
16.gxf3 Be6 17.Bxg7 Rg8 18.Bd4 O-O-O 19.Kf2 c5 20.Bf6 Rd7 21.Bb5 Rf7 22.Bc3 Rg6
23.Rad1 Bd7 24.Bxd7+ Rxd7 25.Rd5 Bg3+ 26.hxg3 Rxd5 27.Rxh7 Rd7 28.Rh8+ Rd8
29.Rh7 Rd7 30.Rh8+ Kc7 31.Rf8 Rg5 32.Rf6 Kd8 33.Rh6 Ke8 34.Rh8+ Kf7 35.Rh7+ Ke8
36.Rh8+ Kf7 37.Rh7+ Ke6 38.Rh6+ Kd5 39.f4 Rg8 40.Rf6 Ke4 41.Re6+ Kd3 42.Re5 Kc4
43.Rxf5 b5 44.a3 Rd5 45.Rxd5 Kxd5 46.Kf3 Kc4 47.f5 b4 48.axb4 cxb4 49.Bd4 a5
50.g4 a4 51.Kf4 Rd8 52.g5 Rxd4+ 53.exd4 a3 54.bxa3 b3 55.g6 b2 56.g7 b1=Q
57.g8=Q+ Kxd4 58.Qd8+ Kc5 59.Qc7+ Kd4 60.Qe5+  1-0

[Event "FSIMA July"]
[Site "Budapest HUN"]
[Date "2001.07.12"]
[Round "11"]
[White "Desmarais,C"]
[Black "Farago,S"]
[Result "1/2-1/2"]
[WhiteElo "2180"]
[BlackElo "2329"]

1.d4 d5 2.c4 c6 3.Nf3 Nf6 4.e3 e6 5.Nc3 Bd6 6.cxd5 exd5 7.Be2 Nbd7 8.O-O O-O
9.b3 Re8 10.Bb2 Nf8 11.Rc1 Ng6  1/2-1/2

[Event "ch-SWE"]
[Site "Linkoping SWE"]
[Date "2001.07.13"]
[Round "13"]
[White "Akesson,R"]
[Black "Hector,J"]
[Result "1-0"]
[WhiteElo "2463"]
[BlackElo "2546"]

1.d4 d5 2.c4 c6 3.Nc3 Nf6 4.e3 e6 5.Nf3 Nbd7 6.Bd3 dxc4 7.Bxc4 b5 8.Bd3 a6
9.e4 c5 10.d5 c4 11.Bc2 Qc7 12.O-O Bc5 13.dxe6 fxe6 14.Qe2 Ne5 15.Nxe5 Qxe5
16.Kh1 Bb7 17.f4 Qc7 18.e5 Nd5 19.Ne4 Be7 20.Bd2 Qc6 21.f5 O-O-O 22.fxe6 Nb4
23.Bxb4 Bxb4 24.Nd6+ Bxd6 25.exd6 Rxd6 26.e7 Re8 27.Rf8 g6 28.Rxe8+ Qxe8
29.Re1 Bc6 30.Be4 Bd7 31.Qe3 Kb8 32.Bf3 Re6 33.Qxe6 Bxe6 34.Rxe6 Kc7 35.Bc6 Qf7
36.Re1  1-0

[Event "Asian U20"]
[Site "Tehran IRI"]
[Date "2001.07.14"]
[Round "2"]
[White "Nasri,A"]
[Black "Sundararajan,K"]
[Result "0-1"]
[WhiteElo "2275"]
[BlackElo "2421"]

1.d4 d5 2.c4 c6 3.Nc3 Nf6 4.e3 e6 5.Nf3 Nbd7 6.Qc2 Bd6 7.Bd3 O-O 8.O-O dxc4
9.Bxc4 a6 10.Rd1 b5 11.Be2 Qc7 12.e4 e5 13.g3 Re8 14.dxe5 Nxe5 15.Nd4 b4
16.Na4 c5 17.Nb3 Bb7 18.f4 Bxe4 19.Qd2 Nf3+ 20.Bxf3 Bxf3 21.Qxd6 Re1+  0-1

[Event "Asian U20"]
[Site "Tehran IRI"]
[Date "2001.07.14"]
[Round "3"]
[White "Harikrishna,P"]
[Black "Hassan,Ab"]
[Result "1-0"]
[WhiteElo "2522"]
[BlackElo "2242"]

1.d4 d5 2.c4 c6 3.Nc3 Nf6 4.e3 e6 5.Nf3 Nbd7 6.Bd3 Bd6 7.e4 dxe4 8.Nxe4 Nxe4
9.Bxe4 Bb4+ 10.Bd2 Bxd2+ 11.Qxd2 c5 12.dxc5 Nxc5 13.Qxd8+ Kxd8 14.Bc2 Ke7
15.O-O-O a5 16.Rhe1 b6 17.Nd4 Bb7 18.f4 Kf6 19.g4 g6 20.b3 h5 21.g5+ Kg7
22.a3 Rhc8 23.Kb2 Rd8 24.b4 axb4 25.axb4 Na6 26.Nxe6+ fxe6 27.Rxd8 Rxd8 28.Rxe6 Nxb4
29.Rxb6 Nxc2 30.Rxb7+ Kg8 31.Kxc2 Rd4 32.Kb3 Rxf4 33.c5 Rf3+ 34.Kc4 Rf2 35.c6  1-0

[Event "Lasker Mem Open"]
[Site "Barlinek CZE"]
[Date "2001.07.16"]
[Round "1"]
[White "Abbasov,F"]
[Black "Borovikov,V"]
[Result "0-1"]
[WhiteElo "2426"]
[BlackElo "2593"]

1.d4 d5 2.c4 c6 3.Nf3 Nf6 4.Nc3 e6 5.e3 Nbd7 6.Qc2 Bd6 7.Bd3 O-O 8.O-O dxc4
9.Bxc4 b5 10.Bb3 Bb7 11.Rd1 Rc8 12.e4 c5 13.dxc5 Bxc5 14.Bg5 Be7 15.Qe2 b4
16.Bxf6 Bxf6 17.Na4 Qc7 18.Qe3 Ne5 19.Rac1 Nxf3+ 20.gxf3 Qb8 21.Nc5 Bc6 22.Rc2 Bb5
23.f4 Rfd8 24.Rcd2 Rxd2 25.Rxd2 Qc7 26.Rc2 Qd6 27.Kg2 Qd1 28.e5 Qf1+ 29.Kg3  0-1

[Event "Lasker Mem Open"]
[Site "Barlinek CZE"]
[Date "2001.07.16"]
[Round "1"]
[White "Krasenkow,M"]
[Black "Bator,R"]
[Result "1-0"]
[WhiteElo "2573"]
[BlackElo "2403"]

1.d4 d5 2.c4 c6 3.Nc3 Nf6 4.e3 e6 5.Nf3 Nbd7 6.Bd3 Bd6 7.e4 dxe4 8.Nxe4 Nxe4
9.Bxe4 Qc7 10.c5 Be7 11.O-O O-O 12.Re1 Re8 13.Ne5 Nxe5 14.Bf4 Qd7 15.Bxe5 g6
16.Re3 f6 17.Rg3 Kf7 18.Rh3 Rh8 19.Bxg6+ Kxg6 20.Qh5+ Kg7 21.Bf4  1-0

[Event "EuChJun Girls"]
[Site "Patras GRE"]
[Date "2001.07.16"]
[Round "1"]
[White "Radziewicz,I"]
[Black "Makka,I"]
[Result "1-0"]
[WhiteElo "2375"]
[BlackElo "2123"]

1.d4 d5 2.c4 c6 3.Nc3 Nf6 4.Nf3 e6 5.e3 Bd6 6.Bd3 Nbd7 7.e4 dxe4 8.Nxe4 Nxe4
9.Bxe4 h6 10.O-O O-O 11.Bc2 e5 12.Qd3 f5 13.c5 Bc7 14.dxe5 Nxe5 15.Qb3+ Kh8
16.Re1 Nxf3+ 17.Qxf3 Qh4 18.g3 Qc4 19.Bb3 Qxc5 20.Bf4 Bxf4 21.Qxf4 a5 22.Rad1 b5
23.Rd6 Kh7 24.Qxh6+ gxh6 25.Re7+ Rf7 26.Rxf7+  1-0

[Event "Dutch Open"]
[Site "Dieren NED"]
[Date "2001.07.17"]
[Round "1"]
[White "Verholt,G"]
[Black "Peng Zhaoqin"]
[Result "0-1"]
[WhiteElo "2131"]
[BlackElo "2391"]

1.d4 d5 2.c4 e6 3.Nc3 c6 4.e3 Nf6 5.Nf3 Nbd7 6.Qc2 Bd6 7.Bd3 O-O 8.O-O dxc4
9.Bxc4 b5 10.Bd3 Bb7 11.e4 e5 12.d5 Rc8 13.dxc6 Bxc6 14.a3 Re8 15.Be3 a6
16.Rac1 Nc5 17.Rfd1 Qe7 18.b4 Ne6 19.Qb1 Ng4 20.Nd5 Qb7 21.h3 Nxe3 22.Nxe3 Bb8
23.Nd2 Ba7 24.Nf5 Qb6 25.Ne3 Rcd8 26.Nb3 Nd4 27.Nxd4 exd4 28.Nf5 g6 29.Ng3 Bb8
30.Nf1 Bd7 31.Qc2 Qf6 32.Qe2 Rc8 33.Nd2 Bf4 34.Rxc8 Rxc8 35.Nb3 Rc3 36.Nc5 Bc8
37.e5 Qxe5 38.Qxe5 Bxe5 39.Re1 Bd6 40.Re8+ Kg7 41.Rxc8 Bxc5 42.Rxc5 Rxd3
43.Rd5 Rxa3 44.Rxd4 Ra1+ 45.Kh2 Kf6 46.Rd7 Ra4 47.Ra7 h5 48.Kg3 Ke5 49.f4+ Ke6
50.Kf3 f6 51.Ke3 h4 52.Kf3 Kf5 53.Ke3 Ra3+ 54.Kd4 Kxf4 55.Rf7 f5 56.Rf6 g5
57.Rg6 a5 58.bxa5 Rxa5  0-1

[Event "EuChJun Boys"]
[Site "Patras GRE"]
[Date "2001.07.17"]
[Round "2"]
[White "Dziuba,M"]
[Black "Haznedaroglu,K"]
[Result "1-0"]
[WhiteElo "2471"]
[BlackElo "2345"]

1.d4 d5 2.c4 c6 3.Nc3 Nf6 4.e3 e6 5.Nf3 Bd6 6.Qc2 O-O 7.b3 Nbd7 8.Bb2 Qe7
9.Be2 dxc4 10.bxc4 e5 11.O-O Re8 12.Rae1 b6 13.Qb3 Bb7 14.Nd2 Nf8 15.a3 Bc7
16.a4 Ng6 17.Ba3 Qd7 18.Nf3 exd4 19.exd4 Nf4 20.Bd1 Qg4 21.g3 Nh3+ 22.Kg2 Nf4+
23.Kh1 Ne6 24.Bb2 Rad8 25.Kg1 Qh3 26.Ne4 Ng4 27.Bc2 Kh8 28.Ned2 Bf4 29.Qc3 Rg8
30.Bf5 Bxd2 31.Qxd2 Nxh2 32.Qd3 Nf4 33.Bxh3 Nxd3 34.Kxh2 Nxb2 35.Re7 Ba6
36.Ne5 Rgf8 37.Rb1 Nxa4 38.Rxa7 b5 39.Nxf7+ Rxf7 40.Rxf7 Ra8 41.c5  1-0

[Event "SWYM"]
[Site "Witley ENG"]
[Date "2001.07.17"]
[Round "5"]
[White "Ippolito,D"]
[Black "Sinkevich,P"]
[Result "1/2-1/2"]
[WhiteElo "2394"]
[BlackElo "2346"]

1.d4 d5 2.c4 c6 3.Nc3 Nf6 4.e3 e6 5.Nf3 Nbd7 6.Bd3 dxc4 7.Bxc4 b5 8.Bd3 Bb7
9.e4 b4 10.Na4 c5 11.e5 Nd5 12.O-O cxd4 13.Re1 Be7 14.Nxd4 O-O 15.Qh5 g6
16.Qh6 Nxe5 17.Rxe5 Nf6 18.Qf4 Bd6 19.Qg5 Be7 20.Qf4 Bd6 21.Qg5 Be7 22.Qf4  1/2-1/2